000 00548nam a2200193Ia 4500
005 20250508163548.0
008 008 250505s9999 xx 000 0 eng d
037 _aTextual
040 _aFEDL
_beng
_cFEDL
041 _aeng
_2eng
084 _a301.0954, SRI
_qFEDL
100 _aSrivastava Harish Chandra
245 0 _aStudies in Indian sociology Vol. 1
260 _aVaranasi, India
_bSamajshastra Prakashan
_c1968
300 _a118p.
650 _aSociology
942 _cTEXL
_h301.0954, SRI
999 _c1384097
_d1384097